| 000 | 00974nmc a2200313 a 4500 | ||
|---|---|---|---|
| 003 | AR-BaBNM | ||
| 005 | 20251128202755.0 | ||
| 008 | 097019s1962 ||||||||||||||000 | spa|| | ||
| 040 | _cAR-BaBNM | ||
| 100 | 1 | _aGómez de la Serna, Ramón | |
| 245 | 1 | 0 | _aRamón Gómez de La Serna |
| 260 |
_aBuenos Aires _bEdiciones Culturales Argentinas _bMinisterio de Educación y Justicia _c1962 |
||
| 300 | 0 |
_a213 p. _bláms. |
|
| 490 | 0 | _aBiblioteca del sesquicentenario. Aportes culturales | |
| 500 | 0 | _aContiene referencias bibliográficas en p. 205 | |
| 500 | 0 | _aJuicios sobre la obra del autor en p. 185 | |
| 650 | 4 | _aLITERATURA ESPANOLA | |
| 650 | 4 | _aANTOLOGIAS | |
| 650 | 4 | _aCRITICA LITERARIA | |
| 650 | 4 | _aBIOGRAFIAS | |
| 650 | 4 | _aVIDA LITERARIA | |
| 650 | 4 | _aESCRITORES | |
| 653 | 0 | _aVANGUARDIAS LITERARIAS | |
| 655 | _aLITERATURA | ||
| 700 | 1 |
_aSofovich, Luisa _eprologuista |
|
| 800 | 1 |
_aGonzález, Héctor Blas _edirector |
|
| 942 | _cBK | ||
| 998 | _cMARTIN | ||
| 999 |
_c505 _d505 |
||